| 000 | 00298 a2200121 4500 | ||
|---|---|---|---|
| 001 | 64551 | ||
| 082 | _a891.4391 ROB | ||
| 090 |
_c38179 _d38179 |
||
| 100 | _aRobina Butt | ||
| 245 |
_aAap hum say qaza nahein hotay _hUrdu |
||
| 260 |
_aLahore _bSang-e-Meel Publications _c1999 |
||
| 300 | _a102p. | ||
| 942 |
_aNUST-CAE _k891.4391 ROB |
||
| 999 |
_c299624 _d299624 |
||